000 01006njm a22002777a 4500
005 20100914152621.0
007 sd ammalaaahaa
008 100913t xxu||||| |||| 00| 0 hin d
028 _aECLP 5861
_bEMI
035 _aGR-03527
040 _aSED/VEN
100 _aShabbir Kumar
_91184
245 _aPrem tapasya /
_cby Shabbir Kumar
_h[sound recording] :
246 _aप्रेम तपस्या / शब्बीर कुमार द्वारा
260 _aDum Dum India
_bEMI
_c1983
300 _a1 sound disc [Gramophone record] :
_banalog, 33 1/3 rpm
_c12.5 in. (LP)
_fGramophone Record
500 _aBrief Record
500 _aRecord label :EMI,Red
505 _aSide-1 Shamm hai kuchh khoi khoi Side 2 Devi kuchh to bol
600 _aShabbir Kumar
_919992
650 _aHindi Film Song
_xExcerpts
_zIndia
_919603
700 _919604
700 _919605
942 _2ddc
_cGR
999 _c46793
_d46793